000 00703nam a2200217Ii 4500
003 JO-AjNU
008 230606s9999||||xx |||||||||||||| ||und||
020 _a9957-06-107-0
040 _aJO-AjNU
_beng
_erda
_cJO-AjNU
041 _aeng
050 1 4 _aHF5635 . J33 2009
100 3 _aNour,Abdul Naser/ A. Jaffarulla,
_eauthor
_91435
245 0 0 _aFinancial Accounting in English : Principles and Practices
250 _a5th ed
264 3 1 _aAmman: Dar AL masera,2009
300 _a382p
_bIncludes Terminologies in arabic and indexes(P 373-382)
336 _atext
_btxt
_2rdacontent
337 _aunmediated
_bn
_2rdamedia
338 _avolume
_bnc
_2rdacarrier
650 4 _aFinancial Accounting
_91436
999 _aE757
_c757
_d757